[Event "FRA-ch op-A"]
[Site "Paris"]
[Date "1994.??.??"]
[Round "6"]
[White "Le Moigne, D."]
[Black "Darmagnac, Roland"]
[Result "1/2-1/2"]
[WhiteElo "1740"]
[BlackElo "1960"]
[PlyCount "94"]
[EventDate "1994.??.??"]
[EventType "swiss"]
[EventRounds "9"]
[EventCountry "FRA"]
[SourceTitle "EXT 1998"]
[Source "ChessBase"]
[SourceDate "1997.11.17"]
[SourceVersion "1"]
[SourceVersionDate "1997.11.17"]
[SourceQuality "1"]

1. e4 e6 2. d4 d5 3. Nc3 Bb4 4. e5 c5 5. a3 Bxc3+ 6. bxc3 Qc7 7. Nf3 Nc6 8. Bd3 Bd7 9. 0-0 c4 10. Be2 Qa5 11. Bd2 f5 12. Ng5 Nge7 13. f4 h6 14. Nf3 0-0-0 15. Be1 Rdg8 16. h3 g5 17. fxg5 hxg5 18. h4 gxh4 19. Nxh4 Qd8 20. Qd2 Ng6 21. Nxg6 Rxg6 22. Qf4 Qg8 23. Bf3 Rgh6 24. Kf2 Ne7 25. Ke2 Ng6 26. Qc1 Rh1 27. a4 Rxf1 28. Kxf1 Rh1+ 29. Ke2 Nh4 30. Qa3 Nxf3 31. Kxf3 Qg4+ 32. Ke3 Qe4+ 33. Kd2 Qxg2+ 34. Kc1 Qg5+ 35. Kb2 Qd8 36. Qc5+ Kb8 37. Qd6+ Qc7 38. Qf8+ Bc8 39. Rb1 Qa5 40. Qb4 Qb6 41. a5 Qxb4+ 42. cxb4 a6 43. Bd2 Rh2 44. Bf4 Rg2 45. Rf1 Bd7 46. Be3 Re2 47. Bg1 Kc7 1/2-1/2